000 00671nam a2200181Ia 4500
008 151018s9999 xx 000 0 und d
082 _bRBASDV61860
_a891.433
100 _aकुहेली भट्टाचार्य
245 _aपरिचित अपरिचित चेहरे
250 _b1
260 _bजान्हवी
_c2011
300 _a75
600 _aकुहेली भट्टाचार्य
630 _aपरिचित अपरिचित चेहरे
700 _aकुहेली भट्टाचार्य
730 _aपरिचित अपरिचित चेहरे
942 _cBOOK
999 _c1055098
_d1055095